Catálogo
 En Linea

Teoría de la concepción del mundo. / (Registro nro. 34783)

Detalles MARC
000 -CABECERA
campo de control de longitud fija 00714nam a2200205 a 4500
001 - NÚMERO DE CONTROL
campo de control 000035292
005 - FECHA Y HORA DE LA ÚLTIMA TRANSACCIÓN
campo de control 20200930074233.0
008 - DATOS DE LONGITUD FIJA--INFORMACIÓN GENERAL
campo de control de longitud fija 111027s1954 mx 000 0 spa d
040 ## - FUENTE DE LA CATALOGACIÓN
Centro catalogador/agencia de origen DO-SdBNP
Lengua de catalogación spa
Centro/agencia transcriptor BNPHU
082 ## - NÚMERO DE LA CLASIFICACIÓN DECIMAL DEWEY
Número de clasificación xxxx
Número de documento/Ítem D579t
100 1# - ENTRADA PRINCIPAL--NOMBRE DE PERSONA
Nombre de persona Dilthey, Wilhelm,
Fechas asociadas al nombre 1833-1911
9 (RLIN) 61059
245 10 - MENCIÓN DE TÍTULO
Título Teoría de la concepción del mundo. /
Mención de responsabilidad, etc. versión, prólogo y notas de Eugenio Ímaz.
250 ## - MENCIÓN DE EDICIÓN
Mención de edición 2a ed.
260 ## - PUBLICACIÓN, DISTRIBUCIÓN, ETC.
Lugar de publicación, distribución, etc. México :
Nombre del editor, distribuidor, etc. Fondo de Cultura Económica,
Fecha de publicación, distribución, etc. 1954.
300 ## - DESCRIPCIÓN FÍSICA
Extensión xv, 404 p. ;
Dimensiones 24 cm.
490 1# - MENCIÓN DE SERIE
Mención de serie Obras de Dilthey
Designación de volumen o secuencia 8
590 ## - NOTA LOCAL (RLIN)
Nota local Perteneció a la biblioteca personal de Juan Isidro Jimenes Grullón.
700 1# - PUNTO DE ACCESO ADICIONAL--NOMBRE DE PERSONA
Nombre de persona Ímaz, Eugenio,
Término indicativo de función/relación pról.89
9 (RLIN) 25785
830 #0 - PUNTO DE ACCESO ADICIONAL DE SERIE-TÍTULO UNIFORME
Título uniforme Obras de Dilthey
Designación de volumen o secuencia 8
9 (RLIN) 61060
Existencias
Estado de retiro Estado de pérdida Restricciones de uso No para préstamo Código de colección Localización permanente Ubicación/localización actual Ubicación en estantería Fecha de adquisición Número de inventario Total de préstamos Signatura topográfica completa Código de barras Fecha visto por última vez Precio válido a partir de Tipo de ítem Koha Nota pública
      Excluido de préstamo Monografías: Libros y Folletos General General En catalogación 27.10.2011 LF1   xxxx D579t 35292-10 25.06.2020 25.06.2020 No se presta Perteneció a la biblioteca personal de Juan Isidro Jimenes -Grullón

Con tecnología Koha